| 000 | 00806nam a22001937a 4500 | ||
|---|---|---|---|
| 999 |
_c62019 _d62019 |
||
| 003 | Ge_BSU | ||
| 005 | 20240624121338.0 | ||
| 008 | 240624s1981 ge ||||| |||| 00| 0 geo d | ||
| 041 | _ageo | ||
| 080 | _a613.88 ხ-67 | ||
| 100 |
_aხოდაკოვი, ნ.მ. _922547 |
||
| 245 |
_aახალგაზრდა ცოლ-ქმარს / _cნ.მ. ხოდაკოვი; რედ. ლ. ხარებაშვილი. |
||
| 264 |
_aთბ. : _bსაბჭ. საქართველო, _c1981. |
||
| 300 |
_a165 გვ. ; _b21 სმ. |
||
| 653 | _aსქესობრივი ცხოვრების ჰიგიენა | ||
| 653 | _aმედიცინა | ||
| 700 |
_aხარებაშვილი, ლ. _eრედაქტორი _916279 |
||
| 942 |
_2udc _cBK |
||